[Event "Let's Play Chess!"]
[Site "http://www.queenalice.com/game.php?id=677339"]
[Date "2009.11.4"]
[Round "-"]
[White "nickpet"]
[Black "rucher"]
[Result "0-1"]
[WhiteElo "1651"]
[BlackElo "1789"]

1. d4 e6 2. e4 d5 3. e5 a6 4. Nh3 Nc6 5. a3 f6 6. f4 Nh6 7. exf6 Qxf6 8. c3 Bd6
9. g4 Qh4+ 10. Nf2 O-O 11. Qd3 Bxf4 12. Bxf4 Rxf4 13. Be2 Qxf2+ 14. Kd2 Qh4 15.
Bd1 Qg5 16. Bc2 Rxd4+ 17. Kd1 Rxd3+ 18. Bxd3 e5 19. Be2 Bxg4 20. Nd2 Bxe2+ 21.
Kxe2 e4 22. Rhg1 Qh5+ 23. Ke1 Ne5 24. Rg3 Qxh2 25. Nf1 Qxb2 26. Rd1 Nf3+ 27.
Rxf3 exf3 28. Rd2 Qxc3 29. Kd1 Re8 30. Rc2 Qe1# 0-1

[Event "Challenge"]
[Site "http://www.queenalice.com/game.php?id=677598"]
[Date "2009.11.4"]
[Round "-"]
[White "rucher"]
[Black "DrBungle"]
[Result "1-0"]
[WhiteElo "2060"]
[BlackElo "1512"]

1. e4 e5 2. Nf3 Nc6 3. a3 Nf6 4. Nc3 Bc5 5. h3 d6 6. Bc4 O-O 7. d3 Be6 8. Bg5 h6
9. Bh4 Nd4 10. g4 g5 11. Bg3 Kg7 12. Nh2 c6 13. Qd2 d5 14. Ba2 dxe4 15. O-O-O b5
16. Bxe5 Bxa2 17. Nxa2 Qe7 18. Bxd4 Bxd4 19. Rhe1 a5 20. c3 Bc5 21. Qc2 b4 22.
a4 bxc3 23. Nxc3 e3 24. d4 Bb4 25. Rxe3 Nd5 26. Rxe7 1-0

[Event "Challenge"]
[Site "http://www.queenalice.com/game.php?id=677599"]
[Date "2009.11.4"]
[Round "-"]
[White "rucher"]
[Black "Pero"]
[Result "0-1"]
[WhiteElo "2060"]
[BlackElo "1625"]

1. e4 Nf6 2. Nc3 e5 3. d4 Nc6 4. d5 Nd4 5. Be3 Bb4 6. Nf3 Nxe4 7. Nxd4 Nxc3 8.
Qg4 Nxd5+ 9. Bd2 Bxd2+ 10. Kxd2 Qf6 11. Re1 d6 12. Qg3 O-O 13. Nf3 Qf4+ 14. Qxf4
Nxf4 15. g3 Nh3 16. Bxh3 Bxh3 17. Rhg1 Rfe8 18. g4 f5 19. gxf5 Bxf5 20. Nh4 Bd7
21. Re3 Re7 22. b4 Rf8 23. Ke2 Ref7 24. Rf1 Bb5+ 0-1

[Event "Challenge"]
[Site "http://www.queenalice.com/game.php?id=677600"]
[Date "2009.11.4"]
[Round "-"]
[White "rucher"]
[Black "aciles"]
[Result "0-1"]
[WhiteElo "2071"]
[BlackElo "1856"]

1. e4 e5 2. c4 Nf6 3. Nc3 Bc5 4. h3 Nc6 5. Nf3 O-O 6. d3 b6 7. a3 d6 8. Bg5 Bb7
9. Qd2 Na5 10. Qc2 Nc6 11. Nd5 a5 12. Be2 Nd4 13. Nxd4 Bxd5 14. cxd5 Bxd4 15.
Rb1 Rc8 16. O-O h6 17. Bh4 g5 18. Bg3 Qd7 19. Qc1 c6 20. dxc6 Rxc6 21. Qd2 d5
22. exd5 Nxd5 23. h4 gxh4 24. Bxh4 Rg6 25. Kh2 Rxg2+ 26. Kxg2 Nf4+ 27. Kf3 Qh3+
0-1

[Event "Challenge"]
[Site "http://www.queenalice.com/game.php?id=678465"]
[Date "2009.11.5"]
[Round "-"]
[White "piemme"]
[Black "rucher"]
[Result "0-1"]
[WhiteElo "1738"]
[BlackElo "2015"]

1. d4 e6 2. e3 Nf6 3. Bd3 c5 4. Nf3 d5 5. dxc5 Bxc5 6. a3 Nc6 7. b4 Bd6 8. c3 a6
9. O-O b5 10. Nbd2 Ne5 11. a4 Nxd3 12. axb5 a5 13. Qe2 Ne5 14. Bb2 Bd7 15. c4
Nxf3+ 16. Nxf3 Bxb4 17. Ba3 Bxa3 18. Rxa3 dxc4 19. Qxc4 Qb6 20. Rfa1 O-O 21. Ne5
Bxb5 22. Qd4 Qxd4 23. exd4 a4 24. Rb1 Rab8 25. h3 Rfd8 26. Nf3 h6 27. Kh2 Ne4
28. Rb2 Nd6 29. Nd2 Nf5 30. Nf3 Nxd4 31. Nxd4 Rxd4 32. f3 Rdd8 33. Rb4 f5 34. g4
Bc6 35. Rc4 Be8 36. Rc1 Rb3 37. Ra2 Rxf3 38. Kg2 Rdd3 39. Rc8 Kf7 40. Rc7+ Kf6
41. Rc8 Ke7 42. Rc7+ Kf8 43. Rc8 a3 44. gxf5 exf5 45. Rb8 Rxh3 46. Rc8 Kf7 47.
Rc7+ Kg6 48. Rc8 Rhe3 49. Rb8 Bf7 50. Rb6+ Kh5 51. Rb5 Bxa2 0-1

[Event "Challenge"]
[Site "http://www.queenalice.com/game.php?id=678466"]
[Date "2009.11.5"]
[Round "-"]
[White "rucher"]
[Black "piemme"]
[Result "1-0"]
[WhiteElo "2060"]
[BlackElo "1769"]

1. Nc3 e6 2. e4 e5 3. Bc4 d6 4. d4 exd4 5. Qxd4 Nf6 6. Nf3 c5 7. Qe3 h6 8. h3
Be7 9. Bd2 Bd7 10. g4 b5 11. Nxb5 Bxb5 12. Bxb5+ Nbd7 13. O-O-O O-O 14. g5 hxg5
15. Nxg5 a6 16. Bd3 Ne5 17. Be2 Nfd7 18. Qg3 Bxg5 19. Bxg5 Nf6 20. f4 Ng6 21.
Bf3 Ra7 22. e5 Qa5 23. exf6 Qxa2 24. Rxd6 Qa1+ 25. Kd2 Qxh1 26. Bxh1 Rb7 27.
Bxb7 1-0

[Event "Challenge"]
[Site "http://www.queenalice.com/game.php?id=680871"]
[Date "2009.11.10"]
[Round "-"]
[White "rucher"]
[Black "castel1341"]
[Result "1-0"]
[WhiteElo "2011"]
[BlackElo "2199"]

1. d4 Nf6 2. Nf3 g6 3. Nc3 Bg7 4. e4 d6 5. Bc4 O-O 6. h3 h5 7. Bf4 Nc6 8. Qd2
Na5 9. Bd3 c5 10. dxc5 dxc5 11. O-O-O c4 12. Be2 Qxd2+ 13. Nxd2 Be6 14. Be3 b6
15. Nb5 c3 16. Nxc3 Nd7 17. Nd5 Bxd5 18. exd5 Rac8 19. g4 hxg4 20. hxg4 Nf6 21.
Bf3 Rfd8 22. Nb3 Nxb3+ 23. axb3 Nd7 24. Kb1 Nc5 25. g5 f5 26. gxf6 exf6 27. Bg2
Kf7 28. d6 g5 29. f4 Kg6 30. fxg5 fxg5 31. b4 Ne6 32. Be4+ Kf6 33. Rd5 Bf8 34.
Rf1+ Nf4 35. Bd4+ Ke6 36. Rxg5 Bxd6 37. Bf5+ Kd5 38. Bxc8+ Kxd4 39. c3+ Ke3 40.
Rg3+ Ke4 41. Re1+ Kd5 42. Bb7+ Kc4 43. Kc2 Ne6 44. Rg4+ Nf4 45. Re4+ Kb5 46.
Rg5+ Bc5 47. Rxf4 Rb8 48. bxc5 Rxb7 49. c6+ Kxc6 50. Rf6+ Kd7 51. Rg7+ Ke8 52.
Rxb7 a5 53. Rh6 1-0

[Event "Challenge"]
[Site "http://www.queenalice.com/game.php?id=681513"]
[Date "2009.11.11"]
[Round "-"]
[White "montelo"]
[Black "rucher"]
[Result "0-1"]
[WhiteElo "2078"]
[BlackElo "1977"]

1. e4 a6 2. Qf3 Nc6 3. Bc4 e6 4. d3 h6 5. Be3 Ne5 6. Qe2 Nf6 7. Bb3 c6 8. Nf3
Ng6 9. Nc3 Bb4 10. Bd4 c5 11. Bxf6 Qxf6 12. e5 Qe7 13. Qd2 b5 14. a3 Ba5 15. d4
Bb7 16. d5 c4 17. Ba2 exd5 18. b4 cxb3 19. Bxb3 Nxe5 20. O-O O-O 21. Nxe5 Qxe5
22. Rfe1 Qxc3 23. Qd3 Qf6 24. Rf1 Qg5 25. f3 Bb6+ 26. Kh1 Rfe8 27. Rae1 Re6 28.
Rxe6 dxe6 29. c3 Rc8 30. Bc2 g6 31. Rd1 Qe5 32. h4 Qg3 33. f4 Qxh4+ 34. Qh3 Qxf4
35. a4 Rc4 36. Qf3 Qg5 37. Bd3 Rh4+ 38. Qh3 Rxh3+ 39. gxh3 d4+ 40. Kh2 Qg2# 0-1

[Event "Challenge"]
[Site "http://www.queenalice.com/game.php?id=681514"]
[Date "2009.11.11"]
[Round "-"]
[White "rucher"]
[Black "montelo"]
[Result "1-0"]
[WhiteElo "1855"]
[BlackElo "2066"]

1. Nc3 e5 2. a3 Nf6 3. d4 Bd6 4. e4 exd4 5. Qxd4 Qe7 6. Nf3 Bc5 7. Qa4 Ng4 8.
Nd1 a6 9. Be3 b5 10. Bxb5 Bb7 11. Bd3 Bc6 12. Qc4 Bxe3 13. Nxe3 Nf6 14. O-O-O
Bxe4 15. Qxc7 Bxf3 16. Nf5 Nd5 17. Qc8+ Qd8 18. Nxg7+ Ke7 19. Qc5+ Kf6 20. Qd4+
Ke7 21. gxf3 Nc7 22. Rhe1+ Ne6 23. Nf5+ Kf8 24. Qxh8# 1-0

[Event "Challenge"]
[Site "http://www.queenalice.com/game.php?id=682255"]
[Date "2009.11.13"]
[Round "-"]
[White "eder"]
[Black "rucher"]
[Result "1-0"]
[WhiteElo "1503"]
[BlackElo "2060"]

1. d4 b6 2. Nf3 Bb7 3. e3 e6 4. g3 Nf6 5. Bg2 Bd6 6. O-O Na6 7. c4 O-O 8. a3 c5
9. Nc3 Qc7 10. Nb5 Qc6 11. Nh4 Nd5 12. a4 Nac7 13. cxd5 exd5 14. Nxc7 Qxc7 15.
dxc5 Bxc5 16. Bxd5 Bxd5 17. Qxd5 Rae8 18. b3 Re5 19. Qf3 Be7 20. Bb2 Re6 21. Qg4
g6 22. Ng2 Qc2 23. Rab1 Rd8 24. Nf4 Re4 25. Qf3 d5 26. Rfc1 Qxb3 27. Bd4 Qxa4
28. Nxd5 Re6 29. Nxe7+ Kf8 30. Nd5 Qd7 31. Rc7 Qxd5 32. Qxf7# 1-0

[Event "Challenge"]
[Site "http://www.queenalice.com/game.php?id=711360"]
[Date "2010.1.10"]
[Round "-"]
[White "rucher"]
[Black "Catao"]
[Result "1-0"]
[WhiteElo "1993"]
[BlackElo "2112"]

1. c4 Nf6 2. Nf3 e6 3. d4 d5 4. e3 dxc4 5. Bxc4 c5 6. O-O a6 7. Nc3 b5 8. Bb3
Bb7 9. a3 Nbd7 10. Re1 cxd4 11. exd4 Be7 12. Bf4 O-O 13. Bc2 Nb6 14. b4 Nbd5 15.
Qd2 Nxf4 16. Qxf4 Rc8 17. Be4 Bd6 18. Ne5 Nxe4 19. Nxe4 Bxe4 20. Qxe4 Bxe5 21.
dxe5 Rc4 22. Qb7 Qc8 23. Qf3 Qc7 24. Rad1 Rd8 25. Rxd8+ Qxd8 26. Rd1 Qc7 27.
Qa8+ 1-0

[Event "Challenge"]
[Site "http://www.queenalice.com/game.php?id=720490"]
[Date "2010.1.26"]
[Round "-"]
[White "rucher"]
[Black "technicaldraw"]
[Result "0-1"]
[WhiteElo "2025"]
[BlackElo "2007"]

1. e4 c5 2. Nf3 d6 3. Nc3 Nc6 4. Bc4 Nf6 5. d4 cxd4 6. Nxd4 e6 7. O-O Be7 8. Be3
O-O 9. f4 d5 10. Bd3 Bc5 11. Nce2 Nxd4 12. Bxd4 Bxd4+ 13. Nxd4 dxe4 14. Be2 Qb6
15. b3 Rd8 16. c3 Nd5 17. Qc1 Nxc3 18. Qxc3 Rxd4 19. Kh1 Bd7 20. Rad1 Rxd1 21.
Rxd1 Bc6 22. Qe5 Rd8 23. Rf1 h6 24. f5 exf5 25. Qxf5 Qc7 26. Bc4 Rf8 27. Qh5 b5
28. Bd5 Bxd5 29. Qxd5 e3 30. Qxb5 Qc2 31. h3 Rd8 32. Qh5 Rf8 33. Qb5 Qxa2 34.
Re1 a6 35. Qd3 Re8 36. Rxe3 Rxe3 37. Qxe3 Qb1+ 38. Kh2 Qf5 39. g4 Qe6 40. Qd3
Qb6 41. Qe3 Qxe3 0-1

[Event "Let's Play Chess!"]
[Site "http://www.queenalice.com/game.php?id=730479"]
[Date "2010.2.12"]
[Round "-"]
[White "rucher"]
[Black "rickster"]
[Result "1-0"]
[WhiteElo "1993"]
[BlackElo "1100"]

1. d4 b5 2. e4 a6 3. Nf3 f6 4. Bd3 c6 5. O-O e5 6. dxe5 Bc5 7. exf6 Nxf6 8. e5
Nd5 9. Ng5 Qe7 10. Qh5+ g6 11. Bxg6+ hxg6 12. Qxh8+ Qf8 13. Qh7 Be7 14. Qxg6+
Kd8 15. Qf7 c5 16. Qxd5 d6 17. Qxa8 dxe5 18. Qxb8 Qf5 19. Nf7+ Ke8 20. Nxe5 b4
21. Nd3 a5 22. Qb5+ Bd7 23. Qxa5 Qe4 24. Re1 Qh7 25. Nxc5 Qxc2 26. Qa8+ Kf7 27.
Nxd7 Qf5 28. Qf3 Kg6 29. Qxf5+ Kxf5 30. Rxe7 Kg6 31. Be3 Kf5 32. Nd2 Kg4 33. Re5
Kh4 34. Nf3+ Kg4 35. Nf6# 1-0

[Event "Challenge"]
[Site "http://www.queenalice.com/game.php?id=731113"]
[Date "2010.2.13"]
[Round "-"]
[White "atalan"]
[Black "rucher"]
[Result "1/2-1/2"]
[WhiteElo "2090"]
[BlackElo "2007"]

1. e4 c5 2. d4 cxd4 3. c3 dxc3 4. Nxc3 Nc6 5. Nf3 Nf6 6. Bc4 e6 7. O-O Qc7 8.
Nb5 Qb8 9. e5 Nxe5 10. Nxe5 Qxe5 11. Re1 Qc5 12. Bf1 Nd5 13. Bg5 a6 14. Rc1 Qb4
15. Qxd5 axb5 16. Bxb5 Bd6 17. Rxe6+ fxe6 18. Qxe6+ Be7 19. Rxc8+ Rxc8 20. Qxd7+
Kf7 21. Qd5+ Kf8 22. Qf5+ Bf6 23. Qxc8+ Kf7 24. Qxb7+ Qe7 25. Bc4+ Kf8 26. Qc8+
Qe8 27. Qc5+ Qe7 28. Be3 Qxc5 29. Bxc5+ Be7 30. Bd4 h5 31. Kf1 Rh6 32. a4 Bb4
33. b3 Rd6 34. Be3 g6 35. h4 Rd1+ 36. Ke2 Ra1 37. Kf3 Ra2 38. g3 Kg7 39. Bd4+
Kh7 40. g4 hxg4+ 41. Kxg4 Be1 42. h5 1/2-1/2

[Event "Challenge"]
[Site "http://www.queenalice.com/game.php?id=736262"]
[Date "2010.2.22"]
[Round "-"]
[White "capaputi"]
[Black "rucher"]
[Result "1-0"]
[WhiteElo "2088"]
[BlackElo "2028"]

1. Nf3 d5 2. c4 e6 3. d4 c5 4. Nc3 Bd6 5. e4 cxd4 6. Qxd4 dxe4 7. Nxe4 Bb4+ 8.
Bd2 Qxd4 9. Nxd4 Bxd2+ 10. Kxd2 Nh6 11. Nd6+ Ke7 12. Nxc8+ Rxc8 13. Be2 Nc6 14.
Nxc6+ Rxc6 15. Rhd1 Nf5 16. b3 Rd8+ 17. Kc3 Nd6 18. Bf3 Rc7 19. Kb2 a6 20. Rd4
b5 21. cxb5 Rdc8 22. Rxd6 Kxd6 23. bxa6 Kc5 24. Rc1+ Kb6 25. Rxc7 Rxc7 26. Bb7
Rd7 27. a4 Rd2+ 28. Kc3 Rxf2 29. b4 Ra2 30. a5+ Ka7 31. Kd4 g5 32. Kc5 Rc2+ 33.
Kd6 Rb2 34. Kc5 Rc2+ 35. Kd4 Ra2 36. b5 Rxa5 37. Kc5 e5 38. Kc6 e4 39. b6+ Kb8
40. a7+ Rxa7 41. bxa7+ Kxa7 42. Kc7 f5 43. Bd5 h5 44. Kd6 e3 45. Bc4 f4 46. Ke5
Kb6 47. Be2 1-0

[Event "Let's Play Chess!"]
[Site "http://www.queenalice.com/game.php?id=784120"]
[Date "2010.6.2"]
[Round "-"]
[White "rucher"]
[Black "otto"]
[Result "0-1"]
[WhiteElo "2044"]
[BlackElo "2362"]

1. e4 e6 2. d4 d5 3. e5 c5 4. c3 Ne7 5. Nf3 Nec6 6. Be2 Be7 7. Be3 O-O 8. O-O h6
9. Nbd2 a5 10. b3 Nd7 11. Qc2 a4 12. dxc5 Nxc5 13. b4 Nd7 14. Bb5 Ndxe5 15. Bxa4
Qc7 16. Nxe5 Nxe5 17. f4 Bd7 18. fxe5 Bxa4 19. Qd3 Qxe5 20. Bd4 Qc7 21. Qe3 Bb5
22. Be5 Qc6 23. Rf3 f6 24. Bd4 e5 25. Nb3 Rf7 26. Bc5 Bd8 27. Qd2 b6 28. Be3 f5
29. Rd1 Bc4 30. Qc2 f4 31. Bc1 Bg5 32. Rh3 e4 33. Nd4 Qd7 34. a3 f3 35. Nxf3
exf3 36. Rxf3 Rxf3 37. gxf3 Bf6 38. Re1 Qh3 39. Qg2 Qxg2+ 40. Kxg2 Bxc3 41. Re7
d4 0-1

[Event "Let's Play Chess!"]
[Site "http://www.queenalice.com/game.php?id=787620"]
[Date "2010.6.9"]
[Round "-"]
[White "rucher"]
[Black "plonius"]
[Result "0-1"]
[WhiteElo "2040"]
[BlackElo "2272"]

1. Nf3 Nf6 2. c4 c5 3. e3 Nc6 4. Nc3 e6 5. d4 d5 6. a3 a6 7. dxc5 Bxc5 8. b4 Bd6
9. cxd5 exd5 10. Bb2 O-O 11. Be2 Be6 12. O-O Rc8 13. b5 Ne5 14. bxa6 bxa6 15.
Nxe5 Bxe5 16. Na4 Bxb2 17. Nxb2 Qd6 18. Nc4 Qc5 19. Nd2 a5 20. Nb3 Qd6 21. Nxa5
Bf5 22. Qd4 Rc2 23. Bd1 Rc7 24. h3 Ne4 25. Bf3 Rfc8 26. Rfd1 Nc3 27. Rd2 Be4 28.
Nb7 Qa6 29. Bxe4 Nxe4 30. Rb2 Rc1+ 0-1